| 000 | 00690nam a2200193Ia 4500 | ||
|---|---|---|---|
| 003 | GCL | ||
| 005 | 20240530105411.0 | ||
| 008 | 140319s9999 xx 000 0 ara d | ||
| 040 |
_aGCL / _cGCL |
||
| 082 | 0 | 4 |
_a415.1 _bس ع |
| 100 | 1 | _aسلمان القضاة (محقق) | |
| 245 | 1 | 0 |
_aعقود الزبرجد فى اعراب الحديث النبوى / _cسلمان القضاة (محقق) |
| 260 |
_a[S.N] : _bدار الجيل ، _c1994 |
||
| 300 | _a1508 ص | ||
| 650 | 0 | 4 | _aالنحو |
| 650 | 0 | 4 | _aاللغة العربية |
| 700 | 1 | _aالسيوطى : جلال الدين ابوالفضل عبدالرحمن بن ابى بكر بن محمد الخضيرى | |
| 942 |
_2ddc _cBK |
||
| 999 |
_c55673 _d55673 |
||